000 01116nam0a22002771 4500
001 RU\NLR\INFOCOMM_161\5000084446
005 20250613100211.0
035 _a(NLR Aleph) 009332963
090 _a9464909
_c9464909
100 _a20101016d1981 |||y0rusy50 ca
101 0 _ager
102 _aRU
105 _aa ||||000|y
200 1 _aDie sozialistische Revolution in Rußland und die Intelligenz
_fS. Fedjukin
_gHrsg.: Akademiemitglied I. I. Minz
_g[Dt. von Lew Gurwitsch]
210 _aM.
_cProgress
_cAPN-Verl.
_d1981
215 _a144 с.
_cил., портр.
_d16 см
225 1 _aDie Wahrheit über die Oktoberrevolution und den sozialistisches Aufbau in der UdSSR
300 _aНа обороте тит. л.: Социалистическая революция в России и интеллигенция / С. Федюкин
606 _aИнтеллигенция
_yСССР
_z1917-
_2nlr_sh1
686 _aТ3(2)7-293
_2rubbk
700 1 _aFedjukin
_bS. A.
_gSergej Alekseevič
_4070
801 1 _aRU
_bNLR
_c20101016
801 0 _aRU
_bNLR
_gPSBO
852 _aNLR
_jИр51 Д-1/207
942 _cBOOK
980 _aNB